Homestuck Fetch Modi Quiz Stats

 Plays Quiz not verified by Sporcle

Also try: Famous Quotes II
Challenge
Share
Tweet
Embed
Score 0/15 Timer 04:00
0 Plays Today
Character Fetch Modus % Correct
RoseTree
90.5%
DadWallet
86.7%
GamzeeMiracle
84.7%
JohnStack
83.3%
JadePictionary
79.7%
JadeMemory
74.9%
TereziScratch and Sniff
74.7%
JadeJenga
73.4%
Character Fetch Modus % Correct
DaveHash Map
70.2%
JohnQueue
69.3%
JohnArray
67.7%
KanayaChastity
63.9%
KarkatEncryption
63.4%
VriskaEight Ball
63%
AradiaOuija
60.9%

You're not logged in!

Compare scores with friends on all Sporcle quizzes.
Join for Free
OR
Log In

You Might Also Like...

Show Comments

Extras

Top Quizzes Today


Score Distribution

Your Account Isn't Verified!

In order to create a playlist on Sporcle, you need to verify the email address you used during registration. Go to your Sporcle Settings to finish the process.

Report this User

Report this user for behavior that violates our Community Guidelines.

Details: